Paralelné metódy vyhľadávania vzorov vo veľkých dátových súboroch

Salvato in:
Dettagli Bibliografici
Autore principale: Mazúr, Slavomír (Autore)
Altri autori: Lucká, Mária (Relatore della tesi)
Natura: Manoscritto Libro
Lingua:slovacco
Pubblicazione: 2017
Soggetti:
Accesso online:http://is.stuba.sk/zp/portal_zp.pl?podrobnosti=115607
Tags: Aggiungi Tag
Nessun Tag, puoi essere il primo ad aggiungerne!!

MARC

LEADER 00000ntm a22000003a 4500
001 stuzp64445
003 SK-STU
005 20170624213418.8
007 ta
008 150427s2015----xo-----f-mn---000-0-slo-d
040 |a STU  |b slo 
041 0 |a slo 
100 1 |a Mazúr, Slavomír  |u 070200  |4 aut  |U FIIT Fakulta informatiky a informačných technológií  |T FIIT Ústav informatiky, informačných systémov a softvérového inžinierstva  |X 74089  |U I200  |Y 179  |7 74089 
242 0 1 |a Parallel methods of searching for patterns in large data files  |y eng 
245 1 0 |a Paralelné metódy vyhľadávania vzorov vo veľkých dátových súboroch 
260 |c 2017 
650 4 |a bioinformatika  |2 slo 
650 4 |a indexovanie  |2 slo 
650 4 |a referenčný genóm  |2 slo 
650 4 |a reference genome  |2 eng 
650 4 |a indexing  |2 eng 
650 4 |a bioinformatics  |2 eng 
700 1 |a Lucká, Mária  |u 070200  |k Z1  |4 ths  |U FIIT Fakulta informatiky a informačných technológií  |T FIIT Ústav informatiky, informačných systémov a softvérového inžinierstva  |X 9204  |U I200  |Y 179  |7 9204 
856 4 |u http://is.stuba.sk/zp/portal_zp.pl?podrobnosti=115607 
996 |b 11345  |c I* BAP122/17  |l II680  |s P  |a 0  |w stuzp64445_0001